000 00438nam a2200169Ia 4500
003 GCL
008 140319s9999 xx 000 0 ara d
040 _aGCL /
_cGCL
082 0 4 _a810.9
_bغ م
100 1 _aغالى شكرى
245 1 0 _aمذكرات ثقافة تحتضر /
_cغالى شكرى
300 _a430
490 _a100 قصة
_v0
650 0 4 _aالادب العربى
650 0 4 _aتاريخ ونقد
942 _2ddc
_cBK
999 _c43889
_d43889